01246nam a2200301 a 4500001000200000003000400002005001700006008004100023040002600064082003600090100002200126245005900148250001200207260004500219300002000264500007400284590002600358600003300384650005200417650004900469651005700518700002100575910001500596942001200611952015100623952015300774999001700927 OSt20211109091618.0110323s2001 dr 001 0dspa d aDO-SdBNPbspacBPMSU  a320.97293054bG324b, 2001220011 aGenao, Altagracia10aBuscando a Bosch /cAltagracia Genao, Tony del Villar. a2ª ed. aSanto Domingo :bGráfica Marie,c2001. a74 p. ;c21 cm. aIncluye datos biográficos de la autora en la solapa de la cubierta. aInventariado, 2021/VM10a Bosch, Juan, d1909-200191 4aPartido de la Liberación DominicanaxHistoria 4aPartidos políticoszRepública Dominicana 4aRepública DominicanaxPolítica y Gobiernoy1961-1 aVillar, Tony del a VMateo V. 2ddccBK 00102ddc40708CDaBPMETbBPMETd2021-11-09eFundacón Juan Bosch oBPMSU CD 320.97293054 G324b 2001pBPMSU21110068r2021-11-09w2021-11-09yBK 00102ddc40708CDaBPMETbBPMETd2021-11-09eFundacón Juan Bosch oBPMSU CD 320.97293 G324b 2001pBPMSU21110069r2021-11-09te.2w2021-11-09yBK c13860d13860